000 00222nam a22000857a 4500
008 160701b xxu||||| |||| 00| 0 eng d
100 _91649
_a Gupta, P
245 _aAli Baba and the Forty Thieves
260 _aNew delhi
_bM/S Arya
999 _c1368
_d1368